History Quiz

Random History or Politics Quiz
Score 0/15 Timer 04:00
4 Plays Today
% Correct
United States 2001 - Attack on the World Trade Center towers in New York
93.1%
Iraq 2003 - US forces pull down the statue of Saddam Hussein in Baghdad
90.4%
Vatican City 2000 - Vladimir Putin meets Pope John Paul II
85.3%
Portugal 2007 - Treaty of Lisbon
76.7%
France 2007 - Chirac and Sarkozy attend a WW2 commemoration ceremony
74.7%
Palestine (Gaza Strip) 2004 - The mourning of Yasser Arafat
72%
Mexico 2000 - Vicente Fox wins the general election
62.2%
Ukraine 2004-05 - The Orange Revolution occurs following the 2004 elections
55.7%
% Correct
Thailand 2006 - Children pose for photos with soldiers after the Thai Coup-d'etat
42.4%
Sri Lanka 2009 - Sri Lankan forces in the last stronghold of the Tamil Tigers
42%
Spain 2006 - Watched in Valencia, Spain rejects the ETA-declared ceasefire
41.4%
Sudan 2008 - Insurgency during the war in Dharfur
40%
Russia 2000 - Russian forces in action in the 2nd Chechen war
36.3%
Georgia (South Ossetia) 2008 - Russian forces move in to South Ossetia
25.5%
Kosovo 2008 - Independence from Serbia celebrations in Pristina
13.6%
Remove Ads.
Support Sporcle.
Get the best of Sporcle when you Go Orange. This ad-free experience offers more features, more stats, and more fun while also helping to support Sporcle. Thank you for becoming a member.

You're not logged in!

Compare scores with friends on all Sporcle quizzes.
OR
Log In

Show Comments

Extras

Top Quizzes Today


Score Distribution

Your Account Isn't Verified!

In order to create a playlist on Sporcle, you need to verify the email address you used during registration. Go to your Sporcle Settings to finish the process.

Report this User

Report this user for behavior that violates our Community Guidelines.

Details: